00224nam a2200085Ia 4500008004100000041000800041100002400049245003000073260003500103241105s9999 xx 000 0 und d aeng aPansare Bhagyashree aAutomobile Museum In Pune bFinal Year B. Arch, BNCAc2014